Southville International School and Colleges
Your cart is empty.
  • Cart
  • Lists
    Public lists Eva Luna New books Lux_list list_1
    Your lists Log in to create your own lists
  • Log in to your account
  • Your cookies
  • Search history
Southville International School and Colleges
  • Advanced search
  • Recent comments
  • Most popular
  • Libraries

Log in to your account

Log in with GOOGLE


If you do not have an external account, but do have a local account, you can still log in:

  1. Home
  2. MARC view: Stuart Little /
Normal view MARC view ISBD view

Stuart Little / (Record no. 33279)

[ view plain ]
MARC details
000 -LEADER
fixed length control field 00822cam a22002771 4500
001 - CONTROL NUMBER
control field 6464792
003 - CONTROL NUMBER IDENTIFIER
control field OSt
005 - DATE AND TIME OF LATEST TRANSACTION
control field 20140310184242.0
008 - FIXED-LENGTH DATA ELEMENTS--GENERAL INFORMATION
fixed length control field 720510s1945 nyua j 000 1 eng
010 ## - LIBRARY OF CONGRESS CONTROL NUMBER
LC control number 45009585
020 ## - INTERNATIONAL STANDARD BOOK NUMBER
International Standard Book Number 0439662206
035 ## - SYSTEM CONTROL NUMBER
System control number (OCoLC)305785
040 ## - CATALOGING SOURCE
Original cataloging agency DLC
Transcribing agency ODaWU
Modifying agency OCoLC
-- DLC
050 00 - LIBRARY OF CONGRESS CALL NUMBER
Classification number PZ 10.3
Item number .W5845 1945
100 1# - MAIN ENTRY--PERSONAL NAME
Personal name White, E. B.
Fuller form of name (Elwyn Brooks),
Dates associated with a name 1899-1985.
9 (RLIN) 24449
245 10 - TITLE STATEMENT
Title Stuart Little /
Statement of responsibility, etc pictures by Garth Williams.
260 ## - PUBLICATION, DISTRIBUTION, ETC. (IMPRINT)
Place of publication, distribution, etc New York,
-- London,
Name of publisher, distributor, etc Harper & Brothers
-- scholastic
Date of publication, distribution, etc [1945]
300 ## - PHYSICAL DESCRIPTION
Extent 131 p. :
Other physical details ill. ;
Dimensions 21 cm.
521 ## - TARGET AUDIENCE NOTE
Target audience note
526 ## - STUDY PROGRAM INFORMATION NOTE
Reading level 920
710 2# - ADDED ENTRY--CORPORATE NAME
Corporate name or jurisdiction name as entry element Juvenile Collection (Library of Congress)
Institution to which field applies DLC
9 (RLIN) 3833
906 ## - LOCAL DATA ELEMENT F, LDF (RLIN)
a 7
b cbc
c oclcrpl
d u
e ncip
f 19
g y-gencatlg
942 ## - ADDED ENTRY ELEMENTS (KOHA)
Source of classification or shelving scheme Library of Congress Classification
Koha item type
Holdings
Withdrawn status Lost status Source of classification or shelving scheme Damaged status Home library Current library Shelving location Date acquired Total Checkouts Full call number Barcode Date last seen Copy number Price effective from Koha item type
    Library of Congress Classification   Luxembourg Library Luxembourg Library Scholastic Reading Center Section 04/11/2012   PZ 10.3 .W5845 1945 LEX1105 04/18/2017 1 01/30/2014 Books
    Library of Congress Classification   Luxembourg Library Luxembourg Library Scholastic Reading Center Section 10/07/2013   PZ 10.3 .W5845 1945 LEX0390 04/18/2017 2 10/07/2013 Books
    Library of Congress Classification   Luxembourg Library Luxembourg Library Scholastic Reading Center Section 10/07/2013   PZ 10.3 .W5845 1945 LEX0820 04/18/2017 3 10/07/2013 Books

Stuart Little /

APA

White E. B., Juvenile Collection (Library of Congress), . (1945). Stuart Little. New York: Harper & Brothers.

Chicago

White E B, Juvenile Collection (Library of Congress), . 1945. Stuart Little. New York: Harper & Brothers.

Harvard

White E. B., Juvenile Collection (Library of Congress), . (1945). Stuart Little. New York: Harper & Brothers.

MLA

White E B, Juvenile Collection (Library of Congress), . Stuart Little. New York: Harper & Brothers. 1945.

  • Place hold
  • Print
  • Cite
  • Add to your cart (remove)
  • Save record
    BIBTEX Dublin Core MARCXML MARC (non-Unicode/MARC-8) MARC (Unicode/UTF-8) MARC (Unicode/UTF-8, Standard) MODS (XML) RIS
  • More searches
    Search for this title in:
    Other Libraries (WorldCat) Other Databases (Google Scholar) Online Stores (Bookfinder.com) Open Library (openlibrary.org)

Exporting to Dublin Core...

SOUTHVILLE LIBRARY

Southville International School and Colleges Library

1281 Tropical Ave. Cor. Luxembourg St., BF Homes International, Las Pinas City

Tel. No. 8256374 / 252358 Loc. 117/146

Powered by Koha